000 00692nam a2200205 a 4500
001 000040627
005 20201002034248.0
008 130904s2010 sp 000 0 spa d
020 _a9788498167160
040 _aDO-SdBNP
_bspa
_cBNPHU
100 1 _aBernardino de Sahagún,
_cFray
_966976
245 1 0 _aHistoria General de las cosas de la nueva España 11 /
_cBernardino de Sahagún ; edición de Juan Carlos Temprano.
260 _aBarcelona ; :,
_c2010.
300 _a460 p. ;
_c22 cm.
490 1 _aCrónicas de América ; $v55a-55b
490 1 _aHistoria 16
700 0 1 _aTemprano, Juan Carlos,
_eed.
_966977
830 0 _aHistoria 16
_966978
830 0 _aCrónicas de América ;
_966933
999 _c40117
_d40117